<?xml version="1.0" encoding="UTF-8"?>
<record
    xmlns:xsi="http://www.w3.org/2001/XMLSchema-instance"
    xsi:schemaLocation="http://www.loc.gov/MARC21/slim http://www.loc.gov/standards/marcxml/schema/MARC21slim.xsd"
    xmlns="http://www.loc.gov/MARC21/slim">

  <leader>00563nam a22001577a 4500</leader>
  <controlfield tag="008">160111b        xxu||||| |||| 00| 0 eng d</controlfield>
  <datafield tag="082" ind1=" " ind2=" ">
    <subfield code="a">708</subfield>
    <subfield code="b">A217m</subfield>
  </datafield>
  <datafield tag="100" ind1=" " ind2=" ">
    <subfield code="a">Hamilton, Ann</subfield>
    <subfield code="9">4391</subfield>
  </datafield>
  <datafield tag="245" ind1=" " ind2=" ">
    <subfield code="a">Ann Hamilton: myein</subfield>
    <subfield code="c">Katy Kline and Helaine Posner</subfield>
  </datafield>
  <datafield tag="260" ind1=" " ind2=" ">
    <subfield code="a">United States:</subfield>
    <subfield code="b">[Black Sparrow Press]</subfield>
    <subfield code="c">1999</subfield>
  </datafield>
  <datafield tag="300" ind1=" " ind2=" ">
    <subfield code="a">48 p.</subfield>
    <subfield code="b">il. (col.)</subfield>
    <subfield code="c">24 cm.</subfield>
  </datafield>
  <datafield tag="600" ind1=" " ind2=" ">
    <subfield code="a">Hamilton, Ann</subfield>
    <subfield code="b">1956-</subfield>
    <subfield code="x">Exhibiciones</subfield>
    <subfield code="9">4392</subfield>
  </datafield>
  <datafield tag="650" ind1=" " ind2=" ">
    <subfield code="a">Mujeres Art&#xED;sticas</subfield>
    <subfield code="x">Exhibiciones</subfield>
    <subfield code="9">4393</subfield>
  </datafield>
  <datafield tag="650" ind1=" " ind2=" ">
    <subfield code="a">Bienal de Venecia</subfield>
    <subfield code="y">1999</subfield>
    <subfield code="z">Pabell&#xF3;n, Estados Unidos</subfield>
    <subfield code="9">4394</subfield>
  </datafield>
  <datafield tag="650" ind1=" " ind2=" ">
    <subfield code="a">Arte Contempor&#xE1;neo</subfield>
    <subfield code="9">977</subfield>
  </datafield>
  <datafield tag="999" ind1=" " ind2=" ">
    <subfield code="c">808</subfield>
    <subfield code="d">808</subfield>
  </datafield>
  <datafield tag="952" ind1=" " ind2=" ">
    <subfield code="0">0</subfield>
    <subfield code="1">0</subfield>
    <subfield code="2">ddc</subfield>
    <subfield code="4">0</subfield>
    <subfield code="7">0</subfield>
    <subfield code="a">LV</subfield>
    <subfield code="b">LV</subfield>
    <subfield code="c">Monograf&#xED;as</subfield>
    <subfield code="d">2016-01-11</subfield>
    <subfield code="l">0</subfield>
    <subfield code="o">708 A217m</subfield>
    <subfield code="p">000813</subfield>
    <subfield code="r">2016-01-11 00:00:00</subfield>
    <subfield code="w">2016-01-11</subfield>
    <subfield code="y">01</subfield>
  </datafield>
</record>
